| 000 | 00362nam a2200133Ia 4500 | ||
|---|---|---|---|
| 008 | 211109s9999||||xx |||||||||||||| ||und|| | ||
| 082 |
_a821 _bANO-F |
||
| 100 | _aNo Author, | ||
| 245 | 0 | _aSu: American Cherukadhakal | |
| 260 |
_bCurrent Books _aTrichur _c1978 |
||
| 630 | _xGENERAL STACK | ||
| 650 |
_aEnglish Literature _vEnglish PoetryGeneralia |
||
| 942 | _cBOOK | ||
| 999 |
_c74048 _d74048 |
||